Sociálny cestovný ruch a jeho efekty diplomová práca
Salvato in:
| Autore principale: | |
|---|---|
| Ente Autore: | |
| Altri autori: | |
| Natura: | Libro |
| Lingua: | slovacco |
| Pubblicazione: |
Bratislava
2014
|
| Tags: |
Nessun Tag, puoi essere il primo ad aggiungerne!!
|
MARC
| LEADER | 00000nbm a2200000 4500 | ||
|---|---|---|---|
| 001 | 0186236 | ||
| 005 | 20170201095613.6 | ||
| 041 | 0 | |a slo | |
| 044 | |a SK | ||
| 245 | 1 | 0 | |a Sociálny cestovný ruch a jeho efekty |b diplomová práca |c Renáta Moravčíková ; školiteľ: Viola Šuterová |
| 264 | 1 | |a Bratislava |c 2014 | |
| 300 | |a 66 s. | ||
| 100 | 1 | |a Moravčíková, Renáta | |
| 700 | 1 | |a Šuterová, Viola, 1957- | |
| 710 | 2 | |a Obchodná fakulta EU. Katedra služieb a cestovného ruchu - zrušené | |